5HLuxD.jpg

KING HENRY VIII SENIOR AND PRIMARY SCHOOL LIBRARY OPAC

The secret of the unicorn / (Record no. 1363)

000 -LEADER
fixed length control field 00826cam a2200277 a 4500
001 - CONTROL NUMBER
control field 283005
003 - CONTROL NUMBER IDENTIFIER
control field OSt
005 - DATE AND TIME OF LATEST TRANSACTION
control field 20221228162031.0
008 - FIXED-LENGTH DATA ELEMENTS--GENERAL INFORMATION
fixed length control field 130711s1974 nyua j 000 0 eng d
020 ## - INTERNATIONAL STANDARD BOOK NUMBER
International Standard Book Number 9780316358323 :
Terms of availability NT297(pbk.)
020 ## - INTERNATIONAL STANDARD BOOK NUMBER
International Standard Book Number 0316358320
Terms of availability (pbk.)
040 ## - CATALOGING SOURCE
Original cataloging agency TMUE
Language of cataloging eng
Description conventions AACR2
Transcribing agency .
Modifying agency KH8
041 1# - LANGUAGE CODE
Language code of text/sound track or separate title eng
Language code of original fre
042 ## - AUTHENTICATION CODE
Authentication code nbic
082 0# - DEWEY DECIMAL CLASSIFICATION NUMBER
Classification number 741.59493 HER
100 0# - MAIN ENTRY--PERSONAL NAME
Personal name Herge,
Dates associated with a name 1907-1983.
Relator term author
240 10 - UNIFORM TITLE
Uniform title Secret de la licorne.
Language of a work English.
245 14 - TITLE STATEMENT
Title The secret of the unicorn /
Statement of responsibility, etc. Herge.
250 ## - EDITION STATEMENT
Edition statement American ed.
260 ## - PUBLICATION, DISTRIBUTION, ETC.
Place of publication, distribution, etc. New York :
Name of publisher, distributor, etc. Little, Brown and Company,
Date of publication, distribution, etc. c1974.
300 ## - PHYSICAL DESCRIPTION
Extent 62 p. :
Other physical details col. ill. ;
Dimensions 30 cm.
490 0# - SERIES STATEMENT
Series statement The Adventures of Tintin.
650 #0 - SUBJECT ADDED ENTRY--TOPICAL TERM
Topical term or geographic name entry element Tintin (Fictitious character)
650 #0 - SUBJECT ADDED ENTRY--TOPICAL TERM
Topical term or geographic name entry element Comic books, strips, etc.
Form subdivision Juvenile literature.
942 ## - ADDED ENTRY ELEMENTS (KOHA)
Source of classification or shelving scheme
Koha item type Books - Non Ficton
Holdings
Withdrawn status Lost status Source of classification or shelving scheme Damaged status Not for loan Collection code Permanent Location Current Location Shelving location Date acquired Total Checkouts Total Renewals Full call number Barcode Date last seen Date last checked out Price effective from Koha item type
          Non-Fiction KH8 Primary School Library KH8 Primary School Library Non Fiction 2022-12-28 26 1 741.59493 HER KHPL000003141 2025-12-05 2025-10-06 2022-12-28 Books - Non Ficton

Powered By KH8 IT Dept